01072cam a22002651i 4500001001300000003000400013005001700017008004100034010001700075035001900092040002600111042001200137050002200149082001100171100004700182245020600229260004900435300005800484410005700542500004900599504002900648650003700677650003700714650005500751gs 57000182 DLC20260227111405.0780317s1957 dcuabd b f000 0 eng  ags 57000182  a(OCoLC)3727074 aDLCcOClUdOCoLCdDLC apremarc00aQE75b.P9 no. 291 a551.761 aHarshbarger, J. W.q(John William),d1914-10aStratigraphy of the uppermost Triassic and the Jurassic rocks of the Navajo country /cby J. W. Harshbarger, C. A. Repenning, and J. H. Irwin. Prepared in cooperation with the Bureau of Indian Affairs. aWashington :bU.S. Govt. Print. Off.,c1957. aiv, 74 p. :bill., maps (part col.) diagrs. ;c29 cm.20aGeological Survey (U.S.).tProfessional paper ;v291 aPart of illustrative matter fold. in pocket. aBibliography : p. 70-71. 0aGeology, StratigraphicyTriassic 0aGeology, StratigraphicyJurassic 0aGeologyzUnited StateszNavajo Indian Reservation.